All Brett Storm Rivalries in XWP - Statistics

General Stats
  • This quiz has been taken 24 times
  • The average score is 8 of 8
Answer Stats
Hint Answer % Correct
Money in the Bank S03-Present Cycloper
100%
WrestleMania 1-WrestleMania 2 Matteo
100%
Pride S01-WrestleMania 1 Max Mercury/X Bullet Club
100%
Outlaw S03-Pick Your Poison S03 Seth Turner
100%
Nightmares S02-Royal Rumble S02 Christian Cage
92%
Survivor Series S02-WrestleMania 2 Mahadi Khan
92%
WrestleMania 2-Broken Bonds S03 Alieus
83%
Episode 1-Outlaw S01 Lula
83%
No matching quizzes found
Score Distribution
Percent of People with Each Score
Percentile by Number Answered
Your Score History
You have not taken this quiz